| 000 | 00515nam a2200169 i 4500 | ||
|---|---|---|---|
| 001 | 88711 | ||
| 003 | ES-MaACL | ||
| 005 | 20230906175917.0 | ||
| 007 | t| | ||
| 008 | 050105s1912 it ||||1| ita d | ||
| 100 | 1 |
_aLapworth, Carlo. _970191 |
|
| 245 | 1 | 0 |
_aTripoli e la nuova Italia / _cdi Carlo Lapworth ; in collaborazione con Helen Zimmern. |
| 260 |
_aBologna : _b[s.n., _c1912] ( _fCoop. Tip. Mareggiani) |
||
| 300 |
_aXII, 410 p. ; _c20 cm. |
||
| 700 | 1 |
_aZimmer, Helen. _9118269 |
|
| 852 |
_aES-MaACL _jF-12394 |
||
| 999 |
_c88711 _d88711 |
||